南米の都市の人口別リスト - Statistics

General Stats
  • This quiz has been taken 124 times
  • The average score is 15 of 80
Answer Stats
順位 都市 % Correct
9 ブラジリア ブラジル
95%
4 リオデジャネイロ ブラジル
92%
2 リマ ペルー
89%
1 サンパウロ ブラジル
88%
7 ブエノスアイレス アルゼンチン
87%
5 サンティアゴ チリ
82%
12 キト エクアドル
77%
3 ボゴタ コロンビア
73%
6 カラカス ベネズエラ
73%
25 モンテビデオ ウルグアイ
57%
48 ラパス ボリビア
52%
16 マナウス ブラジル
42%
74 アスンシオン パラグアイ
41%
11 グアヤキル エクアドル
34%
14 メデジン コロンビア
31%
18 マラカイボ ベネズエラ
30%
20 サンタ・クルス・デ・ラ・シエラ ボリビア
29%
15 カリ コロンビア
27%
8 サルバドール ブラジル
24%
13 ベロオリゾンテ ブラジル
22%
19 レシフェ ブラジル
22%
23 ゴイアニア ブラジル
22%
76 アパレシダ・デ・ゴイアニア ブラジル
22%
21 ポルトアレグレ ブラジル
20%
24 コルドバ アルゼンチン
20%
17 クリチバ ブラジル
17%
22 ベレン ブラジル
15%
27 バランキージャ コロンビア
15%
30 サンルイス ブラジル
14%
28 カンピナス ブラジル
12%
35 カルタヘナ コロンビア
12%
40 ナタール ブラジル
12%
52 ラプラタ アルゼンチン
12%
70 クイアバ ブラジル
12%
10 フォルタレザ ブラジル
11%
36 バレンシア ベネズエラ
10%
54 コチャバンバ ボリビア
10%
29 バルキシメト ベネズエラ
8%
32 マセイオ ブラジル
8%
41 アレキパ ペルー
8%
33 カヤオ ペルー
6%
45 ノヴァ・イグアス ブラジル
5%
31 サンゴンサロ ブラジル
4%
34 ロザリオ アルゼンチン
4%
38 ドゥケ・デ・カシアス ブラジル
4%
44 サンベルナルド・ド・カンポ ブラジル
4%
65 チクラーヨ ペルー
4%
77 ブカラマンガ コロンビア
4%
26 グアルーリョス ブラジル
3%
37 エル・アルト ボリビア
3%
42 カンポグランデ ブラジル
3%
43 テレジナ ブラジル
3%
46 トルヒーリョ ペルー
3%
61 ククタ コロンビア
3%
66 サルタ アルゼンチン
3%
73 ロンドリーナ ブラジル
3%
59 マル・デル・プラタ アルゼンチン
2%
60 アラカジュ ブラジル
2%
67 サン・ミゲル・デ・トゥクマン アルゼンチン
2%
69 クエンカ エクアドル
2%
47 ジョアン・ペソア ブラジル
1%
50 オザスコ ブラジル
1%
51 サン・ジョゼ・ドス・カンポス ブラジル
1%
57 コンタジェン ブラジル
1%
58 ソロカバ ブラジル
1%
62 フェイラ・デ・サンタナ ブラジル
1%
64 プエンテ アルト チリ
1%
75 イバゲ コロンビア
1%
80 ポルト・ヴェーリョ ブラジル
1%
39 シウダード・グアヤナ ベネズエラ
0%
49 サントアンドレ ブラジル
0%
53 ジャボアトン・ドス・グアララペス ブラジル
0%
55 リベイラン・プレト ブラジル
0%
56 ウベルランディア ブラジル
0%
63 ソレダッド コロンビア
0%
68 マトゥリン ベネズエラ
0%
71 ジョインビレ ブラジル
0%
72 ジュイス・デ・フォーラ ブラジル
0%
78 アナニンデウア ブラジル
0%
79 ソアチャ コロンビア
0%
No matching quizzes found
Score Distribution
Percent of People with Each Score
Percentile by Number Answered
Your Score History
You have not taken this quiz